| 000 | 00951nam a22002777a 4500 | ||
|---|---|---|---|
| 001 | 2051 | ||
| 005 | 20250331113231.0 | ||
| 020 | _a0439253942 | ||
| 040 |
_aFISKH _beng _cFISKH _dFISKH |
||
| 050 | _aE99.C5 | ||
| 082 | _a975.0049755 | ||
| 100 | _aBruchac, Joseph | ||
| 245 |
_aThe trail of tears / _cBy Joseph Bruchac Illustrated by Diana Magnuson |
||
| 250 | _aFirst Scholastic printing, October 2000 | ||
| 260 |
_aNew York : _bRandom House, _c2020 |
||
| 300 |
_a48 Pages : _c23 cm |
||
| 505 | _aP | ||
| 520 | _aRecounts how the Cherokees, after fighting to keep their land in the nineteenth century, were forced to leave and travel 1200 miles to a new settlement in Oklahoma, a terrible journey known as the Trail of Tears. | ||
| 521 |
_a650
_bLexile estimate |
||
| 521 |
_aP
_bRaz-Plus |
||
| 650 | _aIndian | ||
| 650 | _aCherokees | ||
| 650 | _aNative American | ||
| 700 |
_aMagnuson, Diana _cIllustrator |
||
| 942 |
_2ddc _cBK _n0 |
||
| 999 |
_c2051 _d2051 |
||